000 00862nam a2200289 i 4500
003 EG-GICUC
005 20260223214225.0
008 260223s1991 fr ||||fr|||| 00| 0 fre d
020 _a2233002180
040 _aEG-GiCUC
_bfre
_cEG-GiCUC
_dEG-GiCUC
_erda
082 0 4 _221
_a341.1
_bRE
092 0 4 _221
099 _aLaw1 11 341.1 RE 1991
245 0 3 _aLa Responsabilité Dans Le Système International /
_b
_c
_n
264 1 _aParis :
_bEditions a. Pedone,
_c1991.
300 _a338pages :
_billustrations,
_c24 cm
336 _2rda content
_atext
337 _2rda media
_aComputer
338 _2rda carrier
_aOnline Resource
504 _a
546 _aTexte en français
650 1 4 _aDroit international public
_2
651 1 _2
856 4 0 _uhttps://fll.law.cu.edu.eg/fulltext/bks/B11-00022.pdf
905 _a50
942 _2ddc
_cBK
_e21
_n0
999 _c64088
_d64088